00716nam a2200181 a 450000100100000000500170001000800410002704000250006810000250009324000510011824501050016926000420027430000280031650000340034470000340037895201050041299900170051700003889920201002031418.0130502s1968 ag c 000 0 spa d aDO-SdBNPbspacBNPHU1 aHines, Jerone96516710a"This is my story, this is my song"lEspañol10a"Esta es mi historia y es mi canción" /cJerome Hines ; versión castellana por Arnoldo Canclini. a[Argentina] :bCasa Bautista ,c1968. a144 p. :bil. ;c27 cm. aTraducido del idioma inglés1 aCanclini, Arnoldoetr.923732 001050718MOaPDbPDcCTd2013-05-02iLF1l0o p38899-10r2020-06-25w2020-06-25y1ZNo se presta c38389d38389